书目信息 |
| 题名: |
费曼物理学讲义补编
|
|
| 作者: | 费曼 , 戈特利布 , 莱顿 著 ;潘笃武 , 李洪芳 译 | |
| 分册: | ||
| 出版信息: | 上海 上海科学技术出版社 2020.03 |
|
| 页数: | 161页 | |
| 开本: | 24cm | |
| 丛书名: | ||
| 单 册: | ||
| 中图分类: | O4 | |
| 科图分类: | ||
| 主题词: | 物理学--wu li xue--高等学校--教学参考资料 | |
| 电子资源: | ||
| ISBN: | 978-7-5478-4715-2 | |
| 000 | 01561nam0 2200325 450 | |
| 001 | 2049679923 | |
| 005 | 20201105134807.18 | |
| 010 | @a978-7-5478-4715-2@dCNY38.00 | |
| 100 | @a20200612d2020 em y0chiy50 ea | |
| 101 | 1 | @achi@ceng |
| 102 | @aCN@b310000 | |
| 105 | @aa z 001yy | |
| 200 | 1 | @a费曼物理学讲义补编@Afei man wu li xue jiang yi bu bian@e思考·建议·领悟·练习@f(美) 费曼, 戈特利布, 莱顿著@g潘笃武, 李洪芳译 |
| 210 | @a上海@c上海科学技术出版社@d2020.03 | |
| 215 | @a161页@c图@d24cm | |
| 300 | @a马修·桑兹写的回忆 | |
| 312 | @a英文题名取自封面 | |
| 320 | @a有索引 | |
| 330 | @a《费曼物理学讲义补编》是对著名物理学教材《费曼物理学讲义》的补充。通过马修·桑兹的回忆以及对理查德·费曼、罗伯特·莱顿和罗丘斯·沃格特的采访, 本书生动地呈现了《费曼物理学讲义》的成书历程以及加州理工学院的那段岁月。本书还收录了《费曼物理学讲义》的遗珠篇章 —— 费曼在加州理工学院讲解过, 但由于当时讲义资料遗失而未收录进《费曼物理学讲义》的章节。为了对讲义内容有更透彻的理解, 书后提供了精彩的习题。 | |
| 500 | 10 | @aFeynman's tips on physics : reflections·advice·insights·practice@mChinese |
| 517 | 1 | @a思考·建议·领悟·练习@Asi kao · jian yi · ling wu · lian xi |
| 606 | 0 | @a物理学@Awu li xue@x高等学校@j教学参考资料 |
| 690 | @aO4@v5 | |
| 701 | 1 | @a费曼@Afei man@g(Feynman,Richard)@4著 |
| 701 | 1 | @a戈特利布@Age te li bu@g(Gottlieb,Michael A.)@4著 |
| 701 | 1 | @a莱顿@Alai dun@g(Leighton,Ralph)@4著 |
| 702 | 0 | @a潘笃武@Apan du wu@4译 |
| 702 | 0 | @a李洪芳@Ali hong fang@4译 |
| 801 | 0 | @aCN@b人天书店@c20200926 |
| 905 | @aZUCC@dO4@eF365 | |
| 费曼物理学讲义补编:思考·建议·领悟·练习/(美) 费曼, 戈特利布, 莱顿著/潘笃武, 李洪芳译.-上海:上海科学技术出版社,2020.03 |
| 161页:图;24cm |
| 马修·桑兹写的回忆 |
| ISBN 978-7-5478-4715-2:CNY38.00 |
| 《费曼物理学讲义补编》是对著名物理学教材《费曼物理学讲义》的补充。通过马修·桑兹的回忆以及对理查德·费曼、罗伯特·莱顿和罗丘斯·沃格特的采访, 本书生动地呈现了《费曼物理学讲义》的成书历程以及加州理工学院的那段岁月。本书还收录了《费曼物理学讲义》的遗珠篇章 —— 费曼在加州理工学院讲解过, 但由于当时讲义资料遗失而未收录进《费曼物理学讲义》的章节。为了对讲义内容有更透彻的理解, 书后提供了精彩的习题。 |
| ● |
| 相关链接 |
|
|
|
正题名:费曼物理学讲义补编
索取号:O4/F365
 
预约/预借
| 序号 | 登录号 | 条形码 | 馆藏地/架位号 | 状态 | 备注 |
| 1 | 1479267 | 214792679 | 自科库401/401自科库 84排1列3层/ [索取号:O4/F365] | 在馆 | |
| 2 | 1479268 | 214792688 | 自科库401/401自科库 84排1列3层/ [索取号:O4/F365] | 在馆 |